LEADER 01126nam--2200373---450- 001 990006183720203316 005 20161212104811.0 010 $a3-7001-2813-4 035 $a000618372 035 $aUSA01000618372 035 $a(ALEPH)000618372USA01 035 $a000618372 100 $a20161212d1999----km-y0itay50------ba 101 $ager 102 $aAT 105 $a||||||||001yy 200 1 $aResearches in Lydia, Mysia and Aiolis$fHasan Malay 210 $aWien$cÖsterreichischeAkademie der Wissenschaften$d1999 215 $a196 p., 179 p. di tav.$cill.$d30 cm 225 2 $aErgänzungsbände zu den Tituli Asiae Minoris$v23 410 0$12001$aErgänzungsbände zu den Tituli Asiae Minoris$v23 454 1$12001 461 1$1001-------$12001 606 0 $aIscrizioni greche$yAsia minore$2BNCF 676 $a481.7 700 1$aMALAY,$bHasan$0718835 801 0$aIT$bsalbc$gISBD 912 $a990006183720203316 951 $aAE 563$b8102 DSA 959 $aBK 969 $aDSA 979 $aDSA$b90$c20161212$lUSA01$h1048 996 $aResearches in Lydia, Mysia and Aiolis$91394837 997 $aUNISA LEADER 01065cam2-22003251i-450- 001 990000220830403321 005 20061030110701.0 035 $a000022083 035 $aFED01000022083 035 $a(Aleph)000022083FED01 035 $a000022083 100 $a20020821d1898----km-y0itay50------ba 101 0 $aita 102 $aIT 105 $aaf------001yy 200 1 $aSegnali di intercomunicazione fra i veicoli di un treno$edettagli dei diversi sistemi adoperati$f[Pietro Oppizzi] 210 $aTorino$cUTET$d[1898] 215 $a43 p., 5 c. di tav.$cill.$d31 cm 461 0$1001000009733$12001$aCostruzione ed esercizio delle strade ferrate e delle tramvie$v3.2 cap. 22 610 0 $aImpianti ferroviari di segnalazione 676 $a625.25 700 1$aOppizzi,$bPietro$0331995 702 1$aFadda,$bStanislao 801 0$aIT$bUNINA$gRICA$2UNIMARC 901 $aBK 912 $a990000220830403321 952 $a13 M 16 42$b3258$fFINBC 959 $aFINBC 996 $aSegnali di intercomunicazione fra i veicoli di un treno$9123503 997 $aUNINA